[Event "Lloyds Bank Masters 17th"]
[Site "London"]
[Date "1993.08.21"]
[Round "1"]
[White "Summerscale, Aaron"]
[Black "Sakhatova, Elvira->Berend"]
[Result "1-0"]
[WhiteElo "2355"]
[BlackElo "2235"]
[PlyCount "81"]
[EventDate "1993.08.21"]
[EventType "swiss"]
[EventRounds "10"]
[EventCountry "ENG"]

1. Nf3 Nf6 2. d4 g6 3. Bg5 Bg7 4. Nbd2 O-O 5. c3 d6 6. e4 c5 7. dxc5 dxc5 8.
Qc2 Nc6 9. Nc4 Qc7 10. Ne3 h6 11. Bh4 Qf4 12. Bd3 Ne5 13. Nxe5 Qxh4 14. g3 Qh3
15. f4 b5 16. Bxb5 Bb7 17. Bf1 Qc8 18. Bg2 Ba6 19. Kf2 Rb8 20. Rhd1 Qe6 21. Kg1
c4 22. Kh1 h5 23. b3 h4 24. N5xc4 Bxc4 25. Nxc4 hxg3 26. hxg3 Qg4 27. Rd3 Rfd8
28. Rad1 Rxd3 29. Rxd3 Qh5+ 30. Kg1 Rc8 31. Bf3 Qb5 32. Kg2 Nh7 33. e5 Nf8 34.
Qf2 Rxc4 35. bxc4 Qxc4 36. Rd8 a5 37. Qd2 Qc7 38. Ra8 g5 39. Qd4 gxf4 40. gxf4
a4 41. c4 1-0

[Event "Lloyds Bank Masters 17th"]
[Site "London"]
[Date "1993.08.21"]
[Round "1"]
[White "Hardy, Roger"]
[Black "Houska, Jovanka"]
[Result "0-1"]
[WhiteElo "2100"]
[BlackElo "1872"]
[PlyCount "74"]
[EventDate "1993.08.21"]
[EventType "swiss"]
[EventRounds "10"]
[EventCountry "ENG"]

1. e4 d5 2. exd5 Nf6 3. d4 Nxd5 4. Nf3 c6 5. c4 Nf6 6. Nc3 Bf5 7. Bd3 Bg6 8.
Be3 e6 9. Qc2 Be7 10. O-O-O Nbd7 11. Kb1 Nb6 12. Bxg6 hxg6 13. Ne5 Nbd7 14.
Rhe1 Qa5 15. Nxd7 Kxd7 16. d5 cxd5 17. cxd5 Nxd5 18. Nxd5 exd5 19. Qe4 Bd6 20.
Qg4+ Kd8 21. Bg5+ Kc7 22. Rc1+ Kb6 23. Qd7 Bb4 24. Red1 Qb5 25. Qxf7 Rhc8 26.
Qxg6+ Rc6 27. Rxc6+ bxc6 28. Qxg7 Qe2 29. Be3+ Ka6 30. Qd4 Qh5 31. Rc1 c5 32.
Qf6+ Kb5 33. a3 d4 34. axb4 Qh7+ 35. Ka1 Rc8 36. Bxd4 Rc6 37. Bxc5 Rxf6 0-1

[Event "Lloyds Bank Masters 17th"]
[Site "London"]
[Date "1993.08.21"]
[Round "1"]
[White "Marusenko, Petr"]
[Black "Bates, Richard"]
[Result "1-0"]
[WhiteElo "2370"]
[BlackElo "2235"]
[PlyCount "73"]
[EventDate "1993.08.21"]
[EventType "swiss"]
[EventRounds "10"]
[EventCountry "ENG"]

1. d4 Nf6 2. Nf3 g6 3. Nc3 d5 4. Bf4 Bg7 5. e3 O-O 6. Be2 c6 7. Ne5 Nfd7 8. h4
f6 9. Nd3 e5 10. dxe5 fxe5 11. Bg5 Qe8 12. e4 d4 13. Na4 Na6 14. b3 b5 15. Nab2
Bb7 16. a4 Nc7 17. Qd2 Ne6 18. f3 a6 19. Nf2 Nf4 20. Bxf4 exf4 21. Rd1 Qe7 22.
Nbd3 bxa4 23. bxa4 Nb6 24. Rb1 Nc8 25. h5 gxh5 26. Qa5 h4 27. Qh5 Nd6 28. Rxh4
h6 29. Ng4 Nf7 30. Nxf4 Rfb8 31. Bc4 Bc8 32. Rxb8 Rxb8 33. Nxh6+ Bxh6 34. Bxf7+
Qxf7 35. Qxh6 Rb1+ 36. Kf2 Qg7 37. Qxc6 1-0

[Event "Lloyds Bank Masters 17th"]
[Site "London"]
[Date "1993.08.21"]
[Round "1"]
[White "Babar, Frank"]
[Black "Basman, Michael John"]
[Result "0-1"]
[WhiteElo "2230"]
[BlackElo "2350"]
[PlyCount "72"]
[EventDate "1993.08.21"]
[EventType "swiss"]
[EventRounds "10"]
[EventCountry "ENG"]

1. e4 h6 2. b3 e6 3. Bb2 b6 4. g3 Bb7 5. Bg2 Nf6 6. d3 d5 7. e5 Nfd7 8. d4 c5
9. c3 Nc6 10. Ne2 Ba6 11. O-O cxd4 12. cxd4 h5 13. f4 h4 14. g4 h3 15. Bf3 Qh4
16. a3 g5 17. f5 exf5 18. Bxd5 Rc8 19. Bxf7+ Kxf7 20. Rxf5+ Ke8 21. Ng3 Ne7 22.
Nd2 Qxg3+ 23. hxg3 h2+ 24. Kh1 Nxf5 25. gxf5 Bb7+ 26. d5 Rc5 27. e6 Rxd5 28.
Qf3 Nc5 29. Bxh8 Rxd2 30. Qxb7 Nxb7 31. Rc1 Nc5 32. b4 Ne4 33. Rc8+ Ke7 34.
Rc7+ Kd8 35. Rd7+ Rxd7 36. exd7 Nxg3+ 0-1

[Event "Lloyds Bank Masters 17th"]
[Site "London"]
[Date "1993.08.21"]
[Round "1"]
[White "Barle, Janez"]
[Black "Harakis, Alexis"]
[Result "1-0"]
[WhiteElo "2435"]
[BlackElo "2260"]
[PlyCount "69"]
[EventDate "1993.08.21"]
[EventType "swiss"]
[EventRounds "10"]
[EventCountry "ENG"]

1. Nf3 Nf6 2. c4 g6 3. Nc3 Bg7 4. d4 d6 5. Bf4 c6 6. h3 Nbd7 7. e3 a6 8. a4 a5
9. Be2 O-O 10. O-O Qb6 11. Qd2 Re8 12. Bh2 e5 13. c5 dxc5 14. dxe5 Nd5 15. Nxd5
cxd5 16. Qxd5 Nf8 17. Ng5 Be6 18. Nxe6 Nxe6 19. Bf3 Red8 20. Qc4 Rd2 21. b3
Rad8 22. Rad1 Qb4 23. Rxd2 Rxd2 24. Bd5 Qxc4 25. Bxc4 Kf8 26. Rc1 b6 27. Kf1
Ng5 28. Bf4 Ne4 29. f3 g5 30. fxe4 gxf4 31. exf4 Bh6 32. g3 Rh2 33. Rd1 Rh1+
34. Ke2 Rh2+ 35. Kf3 1-0

[Event "Lloyds Bank Masters 17th"]
[Site "London"]
[Date "1993.08.21"]
[Round "1"]
[White "Cooper, Lawrence"]
[Black "Barua, Dibyendu"]
[Result "0-1"]
[WhiteElo "2310"]
[BlackElo "2510"]
[PlyCount "68"]
[EventDate "1993.08.21"]
[EventType "swiss"]
[EventRounds "10"]
[EventCountry "ENG"]

1. e4 e5 2. Nf3 d6 3. d4 Nc6 4. dxe5 Nxe5 5. Nc3 Nf6 6. Be2 Be7 7. O-O c6 8.
Nd4 O-O 9. f4 Ng6 10. Be3 Re8 11. Kh1 Bf8 12. Bd3 c5 13. Nb3 a6 14. a4 b6 15.
Bg1 Bb7 16. Nd2 d5 17. e5 d4 18. Nce4 Nd5 19. Qh5 h6 20. e6 Rxe6 21. f5 Re5 22.
Nc4 Ndf4 23. Rxf4 Nxf4 24. Qg4 Rxe4 25. Bxe4 Bxe4 26. Qxf4 Qd5 27. Qg4 h5 28.
Qe2 Qxf5 29. Nxb6 Rb8 30. a5 h4 31. Rf1 Qxf1 32. Qxe4 h3 33. gxh3 Re8 34. Qg4
Re6 0-1

[Event "Lloyds Bank Masters 17th"]
[Site "London"]
[Date "1993.08.21"]
[Round "1"]
[White "Koshy, Varugeese"]
[Black "Williams, Simon Kim"]
[Result "0-1"]
[WhiteElo "2415"]
[BlackElo "2255"]
[PlyCount "66"]
[EventDate "1993.08.21"]
[EventType "swiss"]
[EventRounds "10"]
[EventCountry "ENG"]

1. c4 f5 2. g3 Nf6 3. Bg2 e6 4. Nf3 Be7 5. b3 a5 6. a3 O-O 7. O-O d6 8. d4 Qe8
9. Nc3 Ne4 10. Nxe4 fxe4 11. Ng5 d5 12. f3 Qh5 13. Nh3 exf3 14. exf3 c5 15. Nf4
Qf7 16. cxd5 exd5 17. dxc5 Bxc5+ 18. Kh1 d4 19. Bh3 Bxh3 20. Nxh3 h6 21. Nf4
Ra6 22. Bd2 Rf6 23. Nd3 Bd6 24. f4 Na6 25. b4 Re8 26. bxa5 Rfe6 27. Qb3 Nc5 28.
Nxc5 Bxc5 29. Rab1 d3 30. Rf3 Qh5 31. Rxd3 Kh8 32. Qd5 Qe2 33. Re1 Qf2 0-1

[Event "Lloyds Bank Masters 17th"]
[Site "London"]
[Date "1993.08.21"]
[Round "1"]
[White "McDonald, Neil R"]
[Black "Fabiano, Giuseppe"]
[Result "1-0"]
[WhiteElo "2395"]
[BlackElo "2245"]
[PlyCount "65"]
[EventDate "1993.08.21"]
[EventType "swiss"]
[EventRounds "10"]
[EventCountry "ENG"]

1. e4 c5 2. Nf3 d6 3. d4 cxd4 4. Nxd4 Nf6 5. Nc3 a6 6. Bg5 e6 7. f4 Be7 8. Qf3
h6 9. Bh4 Qc7 10. O-O-O Nbd7 11. Be2 Rb8 12. Qg3 Rg8 13. Rhf1 b5 14. e5 dxe5
15. Nxe6 fxe6 16. Qg6+ Kf8 17. f5 exf5 18. Bh5 Qc4 19. Nd5 Qxd5 20. Rxd5 Nxh5
21. Bxe7+ Kxe7 22. Qxh5 Bb7 23. Rd2 Be4 24. Qh4+ Nf6 25. Qg3 f4 26. Qc3 Ke6 27.
Qb3+ Kf5 28. Re1 g5 29. g4+ fxg3 30. hxg3 g4 31. Rxe4 Nxe4 32. Qd3 Rbd8 33.
Rf2+ 1-0

[Event "Lloyds Bank Masters 17th"]
[Site "London"]
[Date "1993.08.21"]
[Round "1"]
[White "Budnikov, Alexandar"]
[Black "Harley, Andrew D"]
[Result "1-0"]
[WhiteElo "2535"]
[BlackElo "2315"]
[PlyCount "63"]
[EventDate "1993.08.21"]
[EventType "swiss"]
[EventRounds "10"]
[EventCountry "ENG"]

1. c4 c5 2. g3 Nf6 3. Bg2 d5 4. cxd5 Nxd5 5. Nc3 Nc7 6. d3 e5 7. Be3 Be7 8. Rc1
Ne6 9. Qb3 Nd4 10. Bxd4 exd4 11. Bxb7 Bxb7 12. Qxb7 dxc3 13. Qxa8 cxb2 14. Rb1
Qb6 15. Nf3 O-O 16. Qe4 Qa5+ 17. Kf1 Qxa2 18. Kg2 Bf6 19. Ne5 a5 20. Qc4 Qa3
21. f4 a4 22. Qb5 Bxe5 23. fxe5 Qa2 24. Rxb2 Qd5+ 25. e4 Qxe5 26. Ra2 Rd8 27.
Rxa4 f5 28. Rf1 fxe4 29. Qc4+ Kh8 30. Qf7 h6 31. Rxe4 Qc3 32. Re8+ 1-0

[Event "Lloyds Bank Masters 17th"]
[Site "London"]
[Date "1993.08.21"]
[Round "1"]
[White "Babar, Michael"]
[Black "Gallagher, Joseph G"]
[Result "0-1"]
[WhiteElo "2310"]
[BlackElo "2515"]
[PlyCount "62"]
[EventDate "1993.08.21"]
[EventType "swiss"]
[EventRounds "10"]
[EventCountry "ENG"]

1. e4 c5 2. Nf3 d6 3. d4 cxd4 4. Nxd4 Nf6 5. Nc3 a6 6. Bg5 e6 7. f4 Nc6 8. Qd2
Bd7 9. O-O-O b5 10. a3 Be7 11. Be2 Rc8 12. Nxc6 Bxc6 13. Bf3 Qc7 14. Rhe1 O-O
15. Bxf6 Bxf6 16. Qxd6 Qa7 17. e5 Rfd8 18. Qb4 Be7 19. Qa5 Bxf3 20. gxf3 h5 21.
Ne4 Rxd1+ 22. Rxd1 Qe3+ 23. Qd2 Qxf3 24. Nd6 Rc5 25. Re1 Rd5 26. Qb4 Bh4 27.
Qe4 Qf2 28. Rd1 Rxd1+ 29. Kxd1 Qg1+ 30. Kd2 Qxh2+ 31. Kc3 Qg3+ 0-1

[Event "Lloyds Bank Masters 17th"]
[Site "London"]
[Date "1993.08.21"]
[Round "1"]
[White "Reilly, Tim"]
[Black "Sadler, Matthew D"]
[Result "0-1"]
[WhiteElo "2315"]
[BlackElo "2535"]
[PlyCount "62"]
[EventDate "1993.08.21"]
[EventType "swiss"]
[EventRounds "10"]
[EventCountry "ENG"]

1. d4 d5 2. c4 dxc4 3. Nc3 a6 4. e3 Nf6 5. a4 e5 6. dxe5 Qxd1+ 7. Nxd1 Bb4+ 8.
Bd2 Bxd2+ 9. Kxd2 Ne4+ 10. Ke1 Be6 11. Be2 Nc6 12. Bf3 Bd5 13. Bxe4 Bxe4 14. f3
Bg6 15. f4 O-O-O 16. Nf3 f6 17. exf6 gxf6 18. Rc1 b5 19. axb5 axb5 20. b3 Nb4
21. Nb2 Nc2+ 22. Rxc2 Bxc2 23. bxc4 bxc4 24. Nd4 c3 25. Nc4 Bd3 26. Na5 c5 27.
Ndb3 Rd5 28. Nc1 Bb5 29. Kf2 Rhd8 30. Re1 Rd2+ 31. Kf3 Rd1 0-1

[Event "Lloyds Bank Masters 17th"]
[Site "London"]
[Date "1993.08.21"]
[Round "1"]
[White "Duncan, Christopher R"]
[Black "Emms, John M"]
[Result "0-1"]
[WhiteElo "2280"]
[BlackElo "2455"]
[PlyCount "60"]
[EventDate "1993.08.21"]
[EventType "swiss"]
[EventRounds "10"]
[EventCountry "ENG"]

1. e4 e5 2. Nf3 Nc6 3. Bc4 Nf6 4. d3 Be7 5. O-O O-O 6. c3 d5 7. exd5 Nxd5 8.
Re1 Bg4 9. h3 Bh5 10. Nbd2 Nf4 11. Ne4 Na5 12. Ng3 Nxc4 13. Nxh5 Nxd3 14. Re2
Nxc1 15. Qxc1 f6 16. Qc2 Qe8 17. Ng3 Nd6 18. Rae1 Qg6 19. Qb3+ Qf7 20. c4 Qxc4
21. Qxc4+ Nxc4 22. Rc1 Nd6 23. Rxc7 Rf7 24. Ne1 Bf8 25. Rcc2 Rd8 26. Ne4 Nb5
27. Nf3 Rfd7 28. Nc5 Rd1+ 29. Kh2 Nd4 30. Nxd4 exd4 0-1

[Event "Lloyds Bank Masters 17th"]
[Site "London"]
[Date "1993.08.21"]
[Round "1"]
[White "Obukhov, Alexander"]
[Black "McMichael, Richard"]
[Result "1-0"]
[WhiteElo "2490"]
[BlackElo "2305"]
[PlyCount "53"]
[EventDate "1993.08.21"]
[EventType "swiss"]
[EventRounds "10"]
[EventCountry "ENG"]

1. c4 e5 2. g3 Nc6 3. Bg2 g6 4. Nc3 Bg7 5. Rb1 d6 6. d3 f5 7. e3 Nf6 8. Nge2
O-O 9. O-O Qe8 10. f4 h6 11. Nd5 Nxd5 12. cxd5 Nd8 13. b4 c6 14. dxc6 Nxc6 15.
b5 Nd8 16. Qd2 Kh7 17. Ba3 Rf6 18. Nc3 Qd7 19. Nd5 Rf7 20. Qb4 Rf8 21. Qa4 Ne6
22. Nb6 axb6 23. Qxa8 Nc5 24. d4 Nd3 25. Rb3 e4 26. Rc3 d5 27. Bc1 1-0

[Event "Lloyds Bank Masters 17th"]
[Site "London"]
[Date "1993.08.21"]
[Round "1"]
[White "Dunnington, Angus J"]
[Black "Drei, Andrea"]
[Result "1-0"]
[WhiteElo "2415"]
[BlackElo "2255"]
[PlyCount "51"]
[EventDate "1993.08.21"]
[EventType "swiss"]
[EventRounds "10"]
[EventCountry "ENG"]

1. Nf3 Nf6 2. g3 b6 3. Bg2 Bb7 4. O-O e6 5. d3 Be7 6. e4 c5 7. Re1 O-O 8. c4 d6
9. Nc3 Nc6 10. h3 Nd7 11. b3 Nde5 12. Nh2 Nd4 13. Bb2 Nec6 14. Rb1 a6 15. f4
Nb4 16. Rc1 b5 17. Nf3 Bf6 18. a3 Na2 19. e5 Bxf3 20. Bxf3 Nxf3+ 21. Qxf3 Nxc1
22. exf6 Nxb3 23. Ne4 Nd4 24. Bxd4 cxd4 25. Qg4 g6 26. Qg5 1-0

[Event "Lloyds Bank Masters 17th"]
[Site "London"]
[Date "1993.08.21"]
[Round "1"]
[White "Houska, Miroslav"]
[Black "Conquest, Stuart"]
[Result "0-1"]
[WhiteElo "2300"]
[BlackElo "2485"]
[PlyCount "52"]
[EventDate "1993.08.21"]
[EventType "swiss"]
[EventRounds "10"]
[EventCountry "ENG"]

1. d4 c5 2. c3 Nf6 3. Nf3 e6 4. Bg5 Nc6 5. e3 h6 6. Bh4 cxd4 7. exd4 Be7 8. Bd3
d6 9. O-O g5 10. Bg3 h5 11. Nxg5 h4 12. Bf4 Nd5 13. Nh3 e5 14. Be3 Be6 15. c4
Nxe3 16. fxe3 exd4 17. Nf4 Qb6 18. Nd5 Qxb2 19. Nd2 dxe3 20. Ne4 h3 21. Nxe3
hxg2 22. Nxg2 O-O-O 23. Qb3 Qe5 24. Nf4 Rdg8+ 25. Ng3 Qe3+ 26. Rf2 Rxh2 0-1

[Event "Lloyds Bank Masters 17th"]
[Site "London"]
[Date "1993.08.21"]
[Round "1"]
[White "Ledger, Andrew"]
[Black "Stirling, William J"]
[Result "1-0"]
[WhiteElo "2375"]
[BlackElo "2245"]
[PlyCount "49"]
[EventDate "1993.08.21"]
[EventType "swiss"]
[EventRounds "10"]
[EventCountry "ENG"]

1. c4 Nf6 2. Nc3 g6 3. g3 Bg7 4. Bg2 O-O 5. Nf3 d6 6. O-O e5 7. d3 Nc6 8. Rb1
a5 9. b3 Be6 10. Bb2 Nh5 11. Qd2 h6 12. d4 Nxd4 13. Nxd4 exd4 14. Nb5 c6 15.
Nxd4 Re8 16. Rfd1 Qb6 17. Nxe6 Rxe6 18. Bh3 Ree8 19. Bxg7 Nxg7 20. Kf1 Re5 21.
Qxd6 Rae8 22. e3 Nf5 23. Bxf5 Rxf5 24. Kg1 Rxf2 25. c5 1-0

[Event "Lloyds Bank Masters 17th"]
[Site "London"]
[Date "1993.08.21"]
[Round "1"]
[White "King, Daniel J"]
[Black "Adrian, Claude"]
[Result "1-0"]
[WhiteElo "2455"]
[BlackElo "2270"]
[PlyCount "45"]
[EventDate "1993.08.21"]
[EventType "swiss"]
[EventRounds "10"]
[EventCountry "ENG"]

1. c4 c5 2. Nf3 Nc6 3. d4 cxd4 4. Nxd4 Nf6 5. Nc3 g6 6. Nc2 Bg7 7. e4 d6 8. Be2
O-O 9. O-O Nd7 10. Qe1 Nc5 11. b4 Bxc3 12. Qxc3 Nxe4 13. Qe3 f5 14. Bb2 a5 15.
b5 Ne5 16. c5 Qc7 17. cxd6 exd6 18. Rac1 Qf7 19. Qd4 Qf6 20. Ne3 Ng4 21. Nxg4
fxg4 22. Qd5+ Be6 23. Qxe4 1-0

[Event "Lloyds Bank Masters 17th"]
[Site "London"]
[Date "1993.08.21"]
[Round "1"]
[White "Tkachiev, Vladislav"]
[Black "Vujatovic, Rajko"]
[Result "1-0"]
[WhiteElo "2455"]
[BlackElo "2270"]
[PlyCount "43"]
[EventDate "1993.08.21"]
[EventType "swiss"]
[EventRounds "10"]
[EventCountry "ENG"]

1. e4 c5 2. Nf3 d6 3. d4 cxd4 4. Nxd4 Nf6 5. Nc3 a6 6. Be2 e6 7. O-O Nc6 8. Kh1
Be7 9. f4 O-O 10. Nxc6 bxc6 11. e5 Ne8 12. Bd3 d5 13. Na4 c5 14. c4 Qc7 15.
cxd5 exd5 16. Be3 d4 17. Bg1 Bd7 18. Rc1 Qa5 19. b3 f6 20. Bf2 Bxa4 21. bxa4
Nc7 22. Qb3+ 1-0

[Event "Lloyds Bank Masters 17th"]
[Site "London"]
[Date "1993.08.21"]
[Round "1"]
[White "Shaw, John Kerr"]
[Black "Wells, Peter K"]
[Result "0-1"]
[WhiteElo "2270"]
[BlackElo "2455"]
[PlyCount "42"]
[EventDate "1993.08.21"]
[EventType "swiss"]
[EventRounds "10"]
[EventCountry "ENG"]

1. e4 e5 2. f4 exf4 3. Be2 Nf6 4. Nc3 d5 5. e5 Ne4 6. Nf3 Nc6 7. d3 Nxc3 8.
bxc3 d4 9. O-O dxc3 10. d4 Bg4 11. Bb5 Qd5 12. Bxc6+ bxc6 13. Bxf4 c5 14. Be3
Rd8 15. dxc5 Bxc5 16. Qe1 Qc4 17. Rb1 O-O 18. Rb3 Bxf3 19. Rxc3 Qg4 20. Rxf3
Bb4 21. Rg3 Rd1 0-1

[Event "Lloyds Bank Masters 17th"]
[Site "London"]
[Date "1993.08.22"]
[Round "2"]
[White "Sakhatova, Elvira->Berend"]
[Black "Mayers, Dan E"]
[Result "1-0"]
[WhiteElo "2235"]
[BlackElo "2240"]
[PlyCount "145"]
[EventDate "1993.08.21"]
[EventType "swiss"]
[EventRounds "10"]
[EventCountry "ENG"]

1. d4 e6 2. Nf3 c5 3. g3 b6 4. Bg2 Bb7 5. O-O Nf6 6. c4 cxd4 7. Nxd4 Bxg2 8.
Kxg2 Be7 9. Kg1 O-O 10. Qa4 d5 11. Rd1 Qd7 12. Qxd7 Nbxd7 13. Nc6 Bc5 14. cxd5
Nxd5 15. e4 N5f6 16. Nc3 Rfc8 17. Nd4 Ne5 18. Kg2 Rd8 19. Nf3 Nd3 20. Rd2 Ng4
21. Nd1 Ndxf2 22. Nxf2 Rxd2 23. Bxd2 Nxf2 24. b4 Nxe4 25. bxc5 Nxc5 26. Be3 Nd7
27. Rc1 Nf6 28. Bf2 Nd5 29. Nd4 Kf8 30. Nb5 Ke7 31. Nc7 Nxc7 32. Rxc7+ Kf6 33.
Kf3 Kg6 34. g4 f6 35. h4 h6 36. h5+ Kh7 37. Re7 e5 38. Rc7 Kh8 39. Ke4 a5 40.
Bxb6 a4 41. Kf5 Kh7 42. Bc5 a3 43. Rb7 Rc8 44. Bxa3 Rc4 45. Rb4 Rc2 46. Rb2 Rc3
47. Bb4 Rf3+ 48. Ke6 e4 49. Bd6 e3 50. Re2 Rf2 51. Rxe3 Rxa2 52. Re4 Ra6 53.
Rd4 Ra7 54. Be7 Ra6+ 55. Kf7 Ra7 56. Re4 Rc7 57. Ra4 Rb7 58. Ra6 Rc7 59. Ra8
Rb7 60. Ke6 Rc7 61. Rd8 Rc4 62. Kf5 Ra4 63. Bc5 Ra5 64. Rc8 Ra1 65. Rc7 Rf1+
66. Ke4 Re1+ 67. Kf3 Re8 68. Be7 Kg8 69. Kf4 Ra8 70. Kf5 Ra4 71. g5 fxg5 72.
Bd6 Rf4+ 73. Bxf4 1-0

[Event "Lloyds Bank Masters 17th"]
[Site "London"]
[Date "1993.08.22"]
[Round "2"]
[White "Buckley, Graeme"]
[Black "Webb, Richard M"]
[Result "1/2-1/2"]
[WhiteElo "2305"]
[BlackElo "2279"]
[PlyCount "132"]
[EventDate "1993.08.21"]
[EventType "swiss"]
[EventRounds "10"]
[EventCountry "ENG"]

1. d4 Nf6 2. Nf3 g6 3. Nc3 d5 4. Bf4 Bg7 5. e3 O-O 6. Be2 c5 7. h3 Nbd7 8. O-O
b6 9. Rc1 Bb7 10. b3 Rc8 11. Na4 Ne4 12. c3 e6 13. Bh2 Qe7 14. Nd2 Nxd2 15.
Qxd2 e5 16. Bf3 b5 17. Nb2 e4 18. Be2 c4 19. a4 a6 20. Ra1 Ra8 21. b4 Bc6 22.
f3 bxa4 23. fxe4 Qxe4 24. Bf3 Qe6 25. Nxa4 a5 26. Nc5 Nxc5 27. bxc5 Bh6 28. Bf4
Bxf4 29. exf4 a4 30. Bg4 Qf6 31. f5 g5 32. Rab1 Rfb8 33. Rb6 Rxb6 34. cxb6 Rb8
35. Rb1 h6 36. Qe3 Kg7 37. Qg3 Rb7 38. Rb4 Bd7 39. Qf3 h5 40. Bxh5 Qxf5 41. Qe2
Qe4 42. Qxe4 dxe4 43. Be2 Be6 44. Bxc4 Bxc4 45. Rxc4 Rxb6 46. Rxa4 e3 47. Ra1
f5 48. c4 Rb2 49. Rc1 Rd2 50. c5 Rxd4 51. Kf1 Rd7 52. c6 Rc7 53. Ke2 f4 54. Kf3
Kf6 55. Rc5 Kg6 56. Rc2 Kf5 57. Rc1 Ke5 58. Rc5+ Kd4 59. Rxg5 Rxc6 60. Rf5 Rc2
61. Rxf4+ Kd3 62. Ra4 Rf2+ 63. Kg3 Rf1 64. Ra3+ Kd2 65. Ra2+ Kd3 66. Ra3+ Kd2
1/2-1/2

[Event "Lloyds Bank Masters 17th"]
[Site "London"]
[Date "1993.08.22"]
[Round "2"]
[White "Griffiths, Paul V"]
[Black "Barle, Janez"]
[Result "1/2-1/2"]
[WhiteElo "2240"]
[BlackElo "2435"]
[PlyCount "132"]
[EventDate "1993.08.21"]
[EventType "swiss"]
[EventRounds "10"]
[EventCountry "ENG"]

1. e4 e5 2. Nf3 Nc6 3. Bb5 a6 4. Ba4 Nf6 5. O-O Be7 6. Re1 d6 7. d4 b5 8. dxe5
Nxe5 9. Nxe5 dxe5 10. Qxd8+ Bxd8 11. Bb3 Bb7 12. f3 Nd7 13. Be3 Be7 14. Nc3 c6
15. a3 Bc5 16. Rad1 Bc8 17. Ba2 Ra7 18. Bxc5 Nxc5 19. Rd6 Rc7 20. Red1 Ke7 21.
Ne2 Rd7 22. Rxd7+ Nxd7 23. c4 f6 24. cxb5 axb5 25. Kf2 Nc5 26. Ke3 Bd7 27. Rc1
Nb7 28. Rc2 Ra8 29. Nc1 Na5 30. b4 Nb7 31. Rc3 Nd8 32. Nd3 Be6 33. Bxe6 Nxe6
34. f4 exf4+ 35. Nxf4 Nxf4 36. Kxf4 Kd6 37. Rd3+ Kc7 38. e5 fxe5+ 39. Kxe5 Re8+
40. Kf5 Re2 41. Rg3 Rf2+ 42. Ke6 g6 43. Ke7 Kb6 44. Kd6 Rd2+ 45. Ke6 Rf2 46.
Kd6 Re2 47. Rh3 Rxg2 48. Rxh7 g5 49. Rh8 Rd2+ 50. Ke5 Rd3 51. Rg8 Rxa3 52. Rxg5
Re3+ 53. Kf5 Rf3+ 54. Ke5 Rh3 55. Rg2 Rh4 56. Rb2 c5 57. bxc5+ Kxc5 58. Kf5 Kc4
59. Kg5 Rh3 60. Kg4 Rh8 61. h4 b4 62. h5 Kc3 63. Rb1 b3 64. Kg5 Kc2 65. Rh1 b2
66. h6 b1=Q 1/2-1/2

[Event "Lloyds Bank Masters 17th"]
[Site "London"]
[Date "1993.08.22"]
[Round "2"]
[White "Rogers, Ian"]
[Black "Pert, Nicholas"]
[Result "1-0"]
[WhiteElo "2595"]
[BlackElo "2065"]
[PlyCount "123"]
[EventDate "1993.08.21"]
[EventType "swiss"]
[EventRounds "10"]
[EventCountry "ENG"]

1. e4 e6 2. Nf3 d5 3. Nc3 d4 4. Ne2 c5 5. c3 Nc6 6. cxd4 cxd4 7. Qa4 Bc5 8. b4
Bxb4 9. Nexd4 Qa5 10. Qxa5 Bxa5 11. Nxc6 bxc6 12. Ne5 Ne7 13. Ba3 Bc7 14. Nc4
Ba6 15. Nd6+ Bxd6 16. Bxd6 Bxf1 17. Rxf1 Kd7 18. Bc5 Rhb8 19. Ke2 Rb5 20. Rac1
Nc8 21. Rc3 Nd6 22. f3 Nb7 23. Be3 c5 24. Rfc1 Rc8 25. R1c2 e5 26. Ra3 a5 27.
Rac3 a4 28. Rc4 Rb4 29. a3 Rxc4 30. Rxc4 Ra8 31. Bxc5 Rc8 32. d4 Nxc5 33. dxc5
Ra8 34. c6+ Kc7 35. Kd3 Ra6 36. Kc3 f6 37. g4 g5 38. h3 h6 39. Kb4 Rb6+ 40.
Kxa4 Rb2 41. Rc3 Rh2 42. Kb5 Rxh3 43. Rd3 Rh1 44. Rd7+ Kc8 45. Rf7 Rb1+ 46. Kc5
Rb3 47. Rxf6 Rxa3 48. Kd6 Rd3+ 49. Kxe5 Kc7 50. Rxh6 Rxf3 51. Rg6 Rf1 52. Rxg5
Kxc6 53. Ke6 Re1 54. e5 Re4 55. Rg7 Kc5 56. g5 Kd4 57. Rd7+ Ke3 58. g6 Rg4 59.
g7 Ke4 60. Kf6 Rf4+ 61. Kg5 Rf1 62. Rd8 1-0

[Event "Lloyds Bank Masters 17th"]
[Site "London"]
[Date "1993.08.22"]
[Round "2"]
[White "Cafferty, Bernard"]
[Black "Webster, Fiona"]
[Result "1-0"]
[WhiteElo "2310"]
[BlackElo "1832"]
[PlyCount "123"]
[EventDate "1993.08.21"]
[EventType "swiss"]
[EventRounds "10"]
[EventCountry "ENG"]

1. Nf3 g6 2. d4 Bg7 3. e4 d6 4. c3 Nf6 5. Nbd2 O-O 6. Bc4 c6 7. Bb3 h6 8. Qe2
Qc7 9. O-O e5 10. dxe5 dxe5 11. Nc4 Nbd7 12. Rd1 b5 13. Nd6 Ne8 14. Bxf7+ Rxf7
15. Nxe8 Qa5 16. Nd6 Re7 17. Nh4 Nf8 18. Nxc8 Rxc8 19. Be3 Qc7 20. Bc5 Re6 21.
a4 a6 22. Rd3 Rd8 23. Rad1 Rxd3 24. Qxd3 Qf7 25. Nf3 Qb7 26. axb5 cxb5 27. Qd5
Qc8 28. Bb4 Bf6 29. Ne1 Kg7 30. Nc2 Re8 31. Bxf8+ Kxf8 32. Qd6+ Kf7 33. Qd7+
Qxd7 34. Rxd7+ Ke6 35. Rd5 Rc8 36. f3 Be7 37. Kf1 b4 38. Nxb4 Bxb4 39. cxb4
Rc1+ 40. Ke2 Rc2+ 41. Rd2 Rc4 42. Kd3 Rxb4 43. Kc3 Rb6 44. b4 Rc6+ 45. Kb3 Rc1
46. Ra2 Rb1+ 47. Ka4 Rc1 48. Ka5 Rc6 49. Rd2 Ke7 50. h4 g5 51. hxg5 hxg5 52.
Rd5 Re6 53. Ka4 Ke8 54. Kb3 Ke7 55. Ra5 Kf6 56. Kc4 Ke7 57. Kd5 Kd7 58. Rc5 Rb6
59. Kxe5 Rxb4 60. Kf6 Rb5 61. Rxb5 axb5 62. Ke5 1-0

[Event "Lloyds Bank Masters 17th"]
[Site "London"]
[Date "1993.08.22"]
[Round "2"]
[White "Gual Pascual, Antonio"]
[Black "Timoscenko, Gennadij"]
[Result "0-1"]
[WhiteElo "2350"]
[BlackElo "2540"]
[PlyCount "120"]
[EventDate "1993.08.21"]
[EventType "swiss"]
[EventRounds "10"]
[EventCountry "ENG"]

1. d4 Nf6 2. c4 g6 3. Nc3 Bg7 4. e4 d6 5. f3 O-O 6. Be3 c5 7. dxc5 dxc5 8. Qxd8
Rxd8 9. Bxc5 Nc6 10. Ba3 a5 11. Rd1 Be6 12. Nd5 Nb4 13. Nxe7+ Kh8 14. Rxd8+
Rxd8 15. Nd5 Nc2+ 16. Kd2 Nxa3 17. bxa3 b5 18. Nh3 bxc4 19. Bxc4 Nxd5 20. exd5
Bxd5 21. Bxd5 Rxd5+ 22. Kc2 Rc5+ 23. Kd2 Bc3+ 24. Kd3 Bf6 25. Kd2 Rc3 26. Rc1
Rxa3 27. Rc2 Kg7 28. f4 h5 29. Ke2 Kf8 30. Ng5 Bxg5 31. fxg5 Ke7 32. Kd1 Ke6
33. Rf2 Ra4 34. h3 h4 35. Kc1 Re4 36. Rf6+ Ke7 37. Rf3 Re5 38. g3 Rxg5 39. gxh4
Rc5+ 40. Kd2 f5 41. Rb3 Re5 42. Rb7+ Kf6 43. Rb6+ Kg7 44. h5 gxh5 45. a4 h4 46.
Kd3 Kf7 47. Ra6 Kg7 48. Rb6 Kf7 49. Ra6 Ke7 50. Ra7+ Kf6 51. Kd4 Re4+ 52. Kd3
Rxa4 53. Ke3 Re4+ 54. Kf3 a4 55. Ra8 Rb4 56. Rf8+ Ke5 57. Re8+ Kd5 58. Ra8 Kc4
59. Kf4 Kb3+ 60. Kxf5 a3 0-1